000 00508nam a22001577a 4500
003 macl
005 20200313125329.0
008 200313b xxu||||| |||| 00| 0 eng d
040 _cmacl
082 _a954
100 _aनागाेरी, डॉ .एस. एल .
_978646
245 _aभारतीय वीरांगनाऍ
260 _aजयपुर
_bतनवी पब्लिकेशन्‍स
_c2019
650 _aभारतीय इतिहास
_931578
942 _2ddc
_cHIN
999 _c62404
_d62404